000 00262nam a2200121 4500
999 _c8265
_d8265
003 OSt
005 20201008161827.0
008 201008b ||||| |||| 00| 0 eng d
020 _a9781564964847
082 _a728.5
245 _aHotel Resort interiors
942 _2ddc